000 00576nam a2200229Ia 4500
003 OSt
005 20220918200714.0
006 a|||||r|||| 00| 0
007 ta
008 220917b |||||||| |||| 00| 0 eng d
024 _a89,920
037 _cTextual
040 _aARTS
_cARTS
_beng
041 _2eng
_aeng
082 _aU8:42:M5, J5
100 _aKuhn Ferdinand
_995216
245 0 _aCommodore Perry and the opening of Japan
260 _c1955
650 _aGEOGRAPHY
942 _hU8:42:M5, J5
_cTEXL
_2CC
999 _c213589
_d213589